| 000 | 00477ntaaa2200181 4500 | ||
|---|---|---|---|
| 003 | 01 | ||
| 005 | 20251027201950.0 | ||
| 008 | 0714s1973 ag 01 | ||
| 040 |
_aAR-BaBN _bspa _cAR-BaBN _eaacr _dRIC |
||
| 082 | _a248.0000 Su5 | ||
| 100 |
_aSullivan, James L. _9915 |
||
| 245 | _aMemos for Christian living | ||
| 250 | _a1 ed. | ||
| 260 |
_aNashville : _bBroadman Press, _cc1966 |
||
| 300 | _a125 p. | ||
| 500 | _aescritos sobre varios temas de la vida cristiana | ||
| 942 | _cBK | ||
| 999 |
_c14380 _d14380 |
||